01372nab a22002297a 4500999001500000003000400015005001700019008004100036040000700077100003600084245028600120300001500406505034600421505007200767650002800839650002900867650003400896650005200930650003800982773010901020942001301129 c5884d5884OSt20260109025508.0190514b xxu||||| |||| 00| 0 spa d cPJ 96766aPrevetti García, Mayra 13aLa suspensión del ejercicio de la responsabilidad parental como medida de protección integral :banálisis desde la perspectiva de género sobre la tutela efectiva de los derechos de niños, niñas, adolescentes y mujeres víctimas de violencia /cMayra Prevetti García. ap. 160-165 aSumario: I. Introducción.— II. La suspensión del ejercicio de la responsabilidad parental.— III. Sanción de la ley 27.363: necesaria incorporación de la perspectiva de género.— IV. La implementación del inc. e) del art. 702 del Cód. Civ. y Com. en procesos de familia.— V. Estrategias para evitar la revictimización.  tSi te interesa el texto, comunicate a koha@justierradelfuego.gov.ar 09967aDERECHO DE FAMILIA 091134aVIOLENCIA FAMILIAR 094044aPERSPECTIVA DE GÉNERO 096355aSUSPENSION DE LA RESPONSABILIDAD PARENTAL 094097aINTERES SUPERIOR DEL NIÑO0 0284493222dBuenos Aires : AbeledoPerrot, 1989-tDerecho de familia. N° 121 - Septiembre 2025z18511201 2udccANA